| 000 | 00433nam a2200145Ia 4500 | ||
|---|---|---|---|
| 008 | 151021s9999 xx 000 0 und d | ||
| 020 | _a8179924726 | ||
| 050 | _aTD1050 .R57 L341994 | ||
| 245 | _a_Risk assessment an environmental perspective principles and application | ||
| 260 | _aIndia Jaico 1994 | ||
| 300 | _axi,248p.;ill. | ||
| 500 | _aincludes index | ||
| 650 | _a_Risk assessment | ||
| 980 | _a^d20110111 03:12:24^oanne | ||
| 999 |
_c5825 _d5825 |
||